|
|
|
|
| LEADER |
00931cam a2200253 a 4500 |
| 001 |
0000022586 |
| 005 |
20110413090000.0 |
| 040 |
|
|
|a mod
|
| 041 |
|
|
|a eng
|
| 020 |
|
|
|a 0883452553
|
| 090 |
0 |
0 |
|a 372.6
|b HAL
|e 1976
|
| 100 |
1 |
|
|a Hall
|h Eugene J.
|
| 245 |
1 |
4 |
|a The language of air travel in English
|b ground services
|c Eugene J. Hall
|
| 260 |
|
|
|a New York
|b Regents
|c 1976
|
| 300 |
|
|
|a v, 128 p.
|b ill.
|c 23 cm
|
| 490 |
0 |
|
|a English for Careers
|
| 650 |
0 |
0 |
|a Air
|x travel
|x terminology
|
| 650 |
0 |
0 |
|a Language arts (Higher)
|
| 852 |
0 |
0 |
|a 01
|
| 999 |
|
|
|a 0037154
|b KEMENTAH
|d BOOKS
|e Rujukan
|f Perpustakaan KEMENTAH
|j AVAILABLE
|q OLD
|
| 999 |
|
|
|a 0043108
|b KEMENTAH
|d BOOKS
|e Umum
|f Perpustakaan KEMENTAH
|j AVAILABLE
|q OLD
|
| 999 |
|
|
|a 0043109
|b KEMENTAH
|d BOOKS
|e Umum
|f Perpustakaan KEMENTAH
|j AVAILABLE
|q OLD
|
| 999 |
|
|
|a 0043125
|b KD Pelandok
|d BOOKS
|e Umum
|f KD PELANDOK
|j AVAILABLE
|q OLD
|
| 999 |
|
|
|a B000009743
|b IKEM
|d BOOKS
|e Umum
|f IKEM
|j AVAILABLE
|q GOOD CONDITION
|